Memoria sobre supuestos fraudes realizados en la importación de alcoholes de Alemania y Suecia : formada por la comisión nombrada por Real orden de 9 de julio de 1888 y publicada por Real orden de 17 de junio de 1889. (Record no. 190160)
[ view plain ]
| 000 -LEADER | |
|---|---|
| campo de control de longitud fija | 00851nam a2200193 i 4500 |
| 001 - NÚMERO DE CONTROL | |
| campo de control | 190160 |
| 003 - IDENTIFICADOR DE NÚMERO DE CONTROL | |
| campo de control | ES-MaACL |
| 005 - FECHA Y HORA DE LA ÚLTIMA TRANSACCIÓN | |
| campo de control | 20250815063245.0 |
| 008 - DATOS DE LONGITUD FIJA--INFORMACIÓN GENERAL | |
| campo de control de longitud fija | 200904s1889 sp |||| | spa d |
| 100 1# - ENTRADA PRINCIPAL--NOMBRE DE PERSONA | |
| Nombre de persona | Sitges, Juan B., |
| Fechas asociadas al nombre | 1842-1919 |
| 9 (RLIN) | 170252 |
| 245 10 - MENCIÓN DEL TÍTULO | |
| Título | Memoria sobre supuestos fraudes realizados en la importación de alcoholes de Alemania y Suecia : formada por la comisión nombrada por Real orden de 9 de julio de 1888 y publicada por Real orden de 17 de junio de 1889. |
| 260 ## - PUBLICACIÓN, DISTRIBUCIÓN, ETC. | |
| Lugar de publicación, distribución, etc. | [S.l.] : |
| Nombre del editor, distribuidor, etc. | [s.n.], |
| Fecha de publicación, distribución, etc. | 1889 ( |
| Lugar de fabricación/manufactura | Madrid : |
| Fabricante | Estab. tip. "Sucesores de Rivadeneyra") |
| 300 ## - DESCRIPCIÓN FÍSICA | |
| Extensión | 45 p. ; |
| Dimensiones | 28 cm. |
| 594 ## - Nota al título y mención de responsabilidad | |
| Nota al título y mención de responsabilidad | Autores (p. 6): Juan B. Sitges, Eduardo Blanco y Cruz. |
| 650 #4 - PUNTO DE ACCESO ADICIONAL DE MATERIA--TÉRMINO DE MATERIA | |
| Término de materia o nombre geográfico como elemento de entrada | Alcohol- |
| Subdivisión geográfica | España- |
| Subdivisión general | Importación. |
| 9 (RLIN) | 170253 |
| 700 1# - ENTRADA AGREGADA--NOMBRE PERSONAL | |
| Nombre de persona | Blanco y Cruz, Eduardo. |
| 9 (RLIN) | 170254 |
| 852 ## - LOCALIZACIÓN | |
| Ubicación | ES-MaACL |
| Número de control de estantería | T-508-F-15 |
| Estatus retirado | Estado de pérdida | Estado de daño | No para préstamo | Colección | Biblioteca de origen | Biblioteca actual | Ubicación en estantería | Fecha de adquisición | Fuente de adquisición | Total de préstamos | Signatura topográfica completa | Código de barras | Visto por última vez | Precio de reemplazo | Tipo de ítem Koha |
|---|---|---|---|---|---|---|---|---|---|---|---|---|---|---|---|
| Colección de folletos | Biblioteca del Ateneo de Madrid | Biblioteca del Ateneo de Madrid | Depósito folletos | 09/05/2005 | T-508-F-15 | 1201905 | 23/02/2023 | 23/02/2023 | Folleto |
